000 00885nam a2200241Ia 4500
999 _c36028
_d36028
001 1927
003 GE_BSU
005 20221010152510.0
008 181216s2006ru xx |||||||||||||| ||rus||
020 _a797506483
040 _cGE_BSU
041 _arus
080 _a341.9(075.8) Б-74
100 _aБогуславский, М.М.
_915198
245 _aМеждународное частное право :
_bУчебник длия студ. высш. учеб. завед. /
_cМ.М. Богуславский.
250 _aИзд. 5-ое перер и доп
264 _aМосква :
_bЮристь,
_c2006.
300 _a606 с. :
_b21 см.
653 _aМеждународное частное право.
653 _aსაერთაშორისო კერძო სამართალი
653 _aსამართალი
942 _cBK
_2udc